| 000 | 01427nam a2200421L 4500 | ||
|---|---|---|---|
| 001 | 41440 | ||
| 005 | 20230411085956.0 | ||
| 008 | 900313s1989 xxu r i000 0 eng d | ||
| 035 | _a(OCoLC)ocn123381221 | ||
| 040 |
_aNNUN _cNYDRD |
||
| 020 | _a9211260167 | ||
| 020 | _a9789211260168 | ||
| 035 | _a(OCoLC)123381221 | ||
| 037 |
_a89.III.B.7 _bUnited Nations Publications, Room DC2-0853, Dept. I004, New York, N.Y. 10017 |
||
| 084 |
_aDHL UNDP(02)/E28 _2z |
||
| 086 |
_aUnsymbolled _2undoc |
||
| 049 | _aGRAL | ||
| 245 | 0 | 0 |
_aEducation and training in the 1990s : _bdeveloping countries' needs and strategies / _cEducation Development Center. |
| 260 |
_aNew York : _bUNDP, _c1989. |
||
| 300 |
_a234 p. : _btables. |
||
| 440 | 0 | _aUNDP policy discussion paper | |
| 500 | _aBibliography: p. 163-176. | ||
| 500 | _aUN sales no.: 89.III.B.7. | ||
| 500 | _aMaterial type: Sales publications (UN). | ||
| 506 | _aDistribution: General (not for deposit). | ||
| 610 | 2 | 7 |
_aUNDP. _2unbisn |
| 650 | 0 | 7 |
_aEDUCATION. _2unbist |
| 650 | 0 | 7 |
_aTRAINING PROGRAMMES. _2unbist |
| 650 | 0 | 7 |
_aMANPOWER PLANNING. _2unbist |
| 650 | 0 | 7 |
_aMANPOWER DEVELOPMENT. _2unbist |
| 650 | 0 | 7 |
_aEDUCATIONAL TECHNOLOGY. _2unbist |
| 650 | 0 | 7 |
_aTECHNICAL TRAINING. _2unbist |
| 650 | 0 | 7 |
_aTECHNICAL COOPERATION. _2unbist |
| 710 | 2 | _aUNDP. | |
| 710 | 2 | _aEducation Development Center (Newton, Mass.) | |
| 942 |
_2lcc _cbk |
||
| 994 |
_aC0 _bDRFGD |
||
| 999 |
_c110324 _d110324 |
||